000 00270nam a2200109Ia 4500
008 200302s9999 xx 000 0 und d
100 _aBernard lassus
245 _aThe Landscape Approach
260 _bUniversity of Pennsylvania Press
260 _c1998
300 _a196 P.,
999 _c1189
_d1189